[Event "M?R 2020 v bleskovém ?achu druzstev"]
[Site "Turnov"]
[Date "2020.09.12"]
[Round "8.5"]
[White "Flajsman DVO, Pavel"]
[Black "Soukup KVA, Jiri"]
[Result "0-1"]
[BlackElo "2252"]
[WhiteElo "2025"]
[LiveChessVersion "1.4.8"]

1. e4 {[%clk 0:03:03]} c5 {[%clk 0:03:03]} 2. Nc3 {[%clk 0:03:05]} Nc6
{[%clk 0:03:03]} 3. Nge2 {[%clk 0:03:03]} g6 {[%clk 0:03:03]} 4. d4
{[%clk 0:03:02]} cxd4 {[%clk 0:03:03]} 5. Nxd4 {[%clk 0:03:04]} Bg7
{[%clk 0:03:04]} 6. Nde2 {[%clk 0:03:00]} Nf6 {[%clk 0:02:57]} 7. g3
{[%clk 0:03:01]} d6 {[%clk 0:02:54]} 8. Bg2 {[%clk 0:03:01]} O-O {[%clk 0:02:39]}
9. O-O {[%clk 0:03:01]} Bd7 {[%clk 0:02:35]} 10. h3 {[%clk 0:02:52]} Rc8
{[%clk 0:02:32]} 11. Be3 {[%clk 0:02:23]} Qa5 {[%clk 0:02:29]} 12. Qd2
{[%clk 0:02:10]} Kh8 {[%clk 0:02:10]} 13. Bh6 {[%clk 0:01:57]} Ne5
{[%clk 0:02:06]} 14. Bxg7+ Kxg7 {[%clk 0:02:07]} 15. b3 {[%clk 0:01:49]} Nc6
{[%clk 0:01:41]} 16. Rad1 {[%clk 0:01:28]} b5 {[%clk 0:01:34]} 17. Nf4
{[%clk 0:01:07]} Ne5 {[%clk 0:01:14]} 18. Ncd5 {[%clk 0:00:41]} Qxd2
{[%clk 0:01:10]} 19. Rxd2 {[%clk 0:00:40]} Nxd5 {[%clk 0:01:02]} 20. Nxd5
{[%clk 0:00:31]} Rfe8 {[%clk 0:01:01]} 21. f4 {[%clk 0:00:28]} Nc6
{[%clk 0:01:01]} 22. Rfd1 {[%clk 0:00:17]} e5 {[%clk 0:00:47]} 23. a3 Nd4
{[%clk 0:00:45]} 24. Ne3 {[%clk 0:00:08]} Rc3 {[%clk 0:00:40]} 25. Kf2
{[%clk 0:00:07]} Rec8 {[%clk 0:00:39]} 26. fxe5 {[%clk 0:00:06]} dxe5
{[%clk 0:00:40]} 27. Rxd4 {[%clk 0:00:06]} exd4 {[%clk 0:00:40]} 28. Rxd4
{[%clk 0:00:07]} Be6 {[%clk 0:00:39]} 29. Bf1 {[%clk 0:00:07]} Rxc2+
{[%clk 0:00:31]} 30. Nxc2 {[%clk 0:00:07]} Rxc2+ {[%clk 0:00:32]} 31. Ke3
{[%clk 0:00:06]} Bxb3 {[%clk 0:00:30]} 32. Bxb5 {[%clk 0:00:07]} Be6
{[%clk 0:00:26]} 33. h4 {[%clk 0:00:08]} Rg2 {[%clk 0:00:23]} 34. Kf3
{[%clk 0:00:08]} Rb2 {[%clk 0:00:22]} 35. Bd3 {[%clk 0:00:08]} Rb3
{[%clk 0:00:23]} 36. a4 {[%clk 0:00:10]} a5 {[%clk 0:00:23]} 37. Kf2
{[%clk 0:00:06]} h5 {[%clk 0:00:21]} 38. Bb5 {[%clk 0:00:08]} Bg4
{[%clk 0:00:20]} 39. Rd2 {[%clk 0:00:06]} Rf3+ 40. Kg2 Re3 {[%clk 0:00:22]} 41.
Bc6 {[%clk 0:00:08]} Kf6 {[%clk 0:00:19]} 42. Rd6+ {[%clk 0:00:06]} Ke7
{[%clk 0:00:18]} 43. Rd7+ {[%clk 0:00:07]} Ke6 {[%clk 0:00:19]} 44. Rd2
{[%clk 0:00:07]} Rc3 {[%clk 0:00:16]} 45. Bd5+ {[%clk 0:00:07]} Ke5
{[%clk 0:00:17]} 46. Rf2 {[%clk 0:00:05]} f5 {[%clk 0:00:17]} 47. Bb7
{[%clk 0:00:03]} fxe4 {[%clk 0:00:17]} 48. Rf8 {[%clk 0:00:04]} Rc2+
{[%clk 0:00:18]} 49. Kf1 {[%clk 0:00:05]} e3 {[%clk 0:00:16]} 50. Re8+
{[%clk 0:00:06]} Kd4 {[%clk 0:00:16]} 51. Rd8+ {[%clk 0:00:06]} Kc3
{[%clk 0:00:15]} 52. Be4 {[%clk 0:00:06]} Rc1+ {[%clk 0:00:13]} 53. Kg2
{[%clk 0:00:06]} e2 {[%clk 0:00:13]} 0-1

[Event "M?R 2020 v bleskovém ?achu druzstev"]
[Site "Turnov"]
[Date "2020.09.12"]
[Round "8.6"]
[White "Hagarova KVA, Zuzana"]
[Black "Cesal DVO, Jaroslav"]
[Result "1/2-1/2"]
[BlackElo "2158"]
[WhiteElo "2285"]
[LiveChessVersion "1.4.8"]

1. e4 g6 2. d4 Bg7 3. Nc3 {[%clk 0:03:00]} c6 {[%clk 0:03:05]} 4. f4 d5 5. e5
{[%clk 0:02:50]} h5 {[%clk 0:03:08]} 6. Nf3 {[%clk 0:02:43]} Nh6 {[%clk 0:03:09]}
7. Be3 {[%clk 0:02:41]} Bg4 {[%clk 0:03:06]} 8. h3 {[%clk 0:02:38]} Bxf3
{[%clk 0:03:06]} 9. Qxf3 {[%clk 0:02:38]} e6 {[%clk 0:03:07]} 10. Bf2
{[%clk 0:02:30]} Nd7 {[%clk 0:02:58]} 11. g4 {[%clk 0:02:19]} hxg4
{[%clk 0:02:54]} 12. hxg4 {[%clk 0:02:19]} Qb6 {[%clk 0:02:49]} 13. O-O-O
{[%clk 0:02:18]} O-O-O {[%clk 0:02:42]} 14. Bd3 {[%clk 0:02:10]} Rhe8
{[%clk 0:02:40]} 15. Bh4 {[%clk 0:01:48]} c5 {[%clk 0:02:18]} 16. dxc5
{[%clk 0:01:25]} Nxc5 {[%clk 0:02:17]} 17. Bxd8 {[%clk 0:01:12]} Rxd8
{[%clk 0:02:17]} 18. Rh2 {[%clk 0:01:00]} Kb8 {[%clk 0:02:10]} 19. Rdh1
{[%clk 0:00:59]} Nxd3+ {[%clk 0:01:30]} 20. cxd3 {[%clk 0:00:51]} Rc8
{[%clk 0:01:22]} 21. d4 {[%clk 0:00:29]} Qxd4 {[%clk 0:00:45]} 22. Rxh6
{[%clk 0:00:30]} Bxh6 {[%clk 0:00:46]} 23. Rxh6 {[%clk 0:00:30]} Qc4
{[%clk 0:00:38]} 24. Rh2 {[%clk 0:00:10]} d4 {[%clk 0:00:39]} 25. Rc2
{[%clk 0:00:11]} dxc3 {[%clk 0:00:34]} 26. Rxc3 {[%clk 0:00:12]} Qxa2
{[%clk 0:00:32]} 27. Rxc8+ {[%clk 0:00:13]} Kxc8 28. Qc3+ {[%clk 0:00:13]} Kb8
{[%clk 0:00:32]} 29. Qb4 {[%clk 0:00:15]} a5 30. Qd6+ {[%clk 0:00:14]} Ka7
{[%clk 0:00:30]} 31. Qc5+ {[%clk 0:00:15]} Kb8 {[%clk 0:00:31]} 32. Qd6+
{[%clk 0:00:16]} Ka7 {[%clk 0:00:33]} 1/2-1/2

[Event "M?R 2020 v bleskovém ?achu druzstev"]
[Site "Turnov"]
[Date "2020.09.12"]
[Round "8.7"]
[White "Kopriva DVO, Martin"]
[Black "Fryc KVA, Miroslav"]
[Result "1-0"]
[BlackElo "2178"]
[WhiteElo "1958"]
[LiveChessVersion "1.4.8"]

1. e4 {[%clk 0:03:02]} c5 {[%clk 0:03:03]} 2. Nf3 {[%clk 0:03:03]} d6
{[%clk 0:03:04]} 3. d4 {[%clk 0:03:04]} cxd4 {[%clk 0:03:05]} 4. Qxd4
{[%clk 0:03:05]} Nc6 {[%clk 0:03:06]} 5. Bb5 {[%clk 0:03:06]} Bd7
{[%clk 0:03:07]} 6. Bxc6 {[%clk 0:03:07]} Bxc6 {[%clk 0:03:08]} 7. Nc3
{[%clk 0:03:08]} Nf6 {[%clk 0:03:05]} 8. Bg5 {[%clk 0:03:10]} e6 {[%clk 0:03:00]}
9. O-O-O {[%clk 0:03:10]} Be7 {[%clk 0:02:59]} 10. Rhe1 {[%clk 0:03:11]} O-O
{[%clk 0:02:46]} 11. e5 {[%clk 0:03:12]} dxe5 {[%clk 0:02:45]} 12. Qh4
{[%clk 0:03:13]} Qa5 {[%clk 0:02:24]} 13. Nxe5 {[%clk 0:03:13]} Rac8
{[%clk 0:01:49]} 14. Rd3 {[%clk 0:03:14]} Qb4 {[%clk 0:01:06]} 15. f4
{[%clk 0:02:31]} Rfd8 {[%clk 0:00:03]} 16. Rh3 Ra8 1-0

[Event "M?R 2020 v bleskovém ?achu druzstev"]
[Site "Turnov"]
[Date "2020.09.12"]
[Round "8.8"]
[White "Musil KVA, Miroslav"]
[Black "Janousek DVO, Petr"]
[Result "1/2-1/2"]
[BlackElo "2147"]
[WhiteElo "2036"]
[LiveChessVersion "1.4.8"]

1. b4 {[%clk 0:03:02]} a5 {[%clk 0:03:01]} 2. b5 {[%clk 0:03:03]} c5
{[%clk 0:03:01]} 3. e3 {[%clk 0:03:00]} Nf6 {[%clk 0:02:58]} 4. Bb2
{[%clk 0:03:00]} g6 {[%clk 0:02:59]} 5. Nf3 {[%clk 0:02:58]} Bg7 {[%clk 0:03:00]}
6. a4 {[%clk 0:02:57]} O-O {[%clk 0:02:59]} 7. Be2 {[%clk 0:02:58]} b6
{[%clk 0:02:59]} 8. d3 {[%clk 0:02:51]} Bb7 {[%clk 0:03:00]} 9. O-O
{[%clk 0:02:50]} d6 {[%clk 0:02:57]} 10. Nbd2 {[%clk 0:02:51]} Nbd7
{[%clk 0:02:57]} 11. c4 {[%clk 0:02:44]} e6 {[%clk 0:02:53]} 12. d4
{[%clk 0:02:36]} Ne4 {[%clk 0:02:39]} 13. Nxe4 {[%clk 0:02:28]} Bxe4
{[%clk 0:02:40]} 14. Nd2 {[%clk 0:02:29]} Bb7 {[%clk 0:02:38]} 15. Qb3
{[%clk 0:02:17]} Qe7 {[%clk 0:02:21]} 16. Bf3 {[%clk 0:02:18]} Bxf3
{[%clk 0:02:20]} 17. Nxf3 {[%clk 0:02:19]} Nf6 {[%clk 0:02:17]} 18. dxc5
{[%clk 0:02:02]} dxc5 {[%clk 0:02:17]} 19. Rfd1 {[%clk 0:02:04]} Rfd8
{[%clk 0:02:17]} 20. Qc2 {[%clk 0:02:00]} Rxd1+ {[%clk 0:02:04]} 21. Rxd1
{[%clk 0:02:01]} Rd8 {[%clk 0:02:05]} 22. Ne5 {[%clk 0:01:57]} Rxd1+
{[%clk 0:01:18]} 23. Qxd1 {[%clk 0:01:58]} Qc7 {[%clk 0:01:17]} 24. h3
{[%clk 0:01:12]} h5 {[%clk 0:01:18]} 25. Nc6 {[%clk 0:01:09]} Ne4
{[%clk 0:00:44]} 26. Qd3 {[%clk 0:00:54]} f5 {[%clk 0:00:44]} 27. f3
{[%clk 0:00:44]} Ng5 {[%clk 0:00:38]} 28. Qc3 {[%clk 0:00:40]} 1/2-1/2

[Event "M?R 2020 v bleskovém ?achu druzstev"]
[Site "Turnov"]
[Date "2020.09.12"]
[Round "9.1"]
[White "Hacha TUR_D, Ales"]
[Black "Kraus TUR_A, Tomas"]
[Result "0-1"]
[BlackElo "2417"]
[WhiteElo "2051"]
[LiveChessVersion "1.4.8"]

1. Nf3 {[%clk 0:03:03]} d5 {[%clk 0:03:04]} 2. g3 {[%clk 0:03:03]} Nc6
{[%clk 0:03:05]} 3. c4 {[%clk 0:03:03]} d4 {[%clk 0:03:06]} 4. Bg2
{[%clk 0:03:03]} e5 {[%clk 0:03:07]} 5. d3 {[%clk 0:03:03]} Bb4+ {[%clk 0:03:08]}
6. Nbd2 {[%clk 0:03:03]} a5 {[%clk 0:03:09]} 7. O-O {[%clk 0:03:03]} Nf6
{[%clk 0:03:11]} 8. a3 {[%clk 0:03:00]} Be7 {[%clk 0:03:03]} 9. h3
{[%clk 0:02:42]} h6 {[%clk 0:02:59]} 10. Re1 {[%clk 0:02:36]} O-O
{[%clk 0:02:58]} 11. Nf1 {[%clk 0:02:22]} Bf5 {[%clk 0:02:56]} 12. g4
{[%clk 0:02:20]} Bh7 {[%clk 0:02:55]} 13. Ng3 {[%clk 0:02:20]} Re8
{[%clk 0:02:53]} 14. g5 {[%clk 0:02:10]} hxg5 {[%clk 0:02:53]} 15. Bxg5
{[%clk 0:02:10]} Qd7 {[%clk 0:02:30]} 16. Rb1 {[%clk 0:02:02]} Rad8
{[%clk 0:02:23]} 17. Qa4 {[%clk 0:01:48]} e4 {[%clk 0:02:18]} 18. dxe4
{[%clk 0:01:41]} Nxe4 {[%clk 0:02:18]} 19. Nxe4 {[%clk 0:01:36]} Bxe4
{[%clk 0:02:19]} 20. Bxe7 {[%clk 0:01:33]} Qxe7 {[%clk 0:02:13]} 21. Rbd1
{[%clk 0:01:26]} Qf6 {[%clk 0:02:12]} 22. Qb5 {[%clk 0:01:19]} d3
{[%clk 0:02:05]} 23. Qg5 {[%clk 0:01:12]} Qxg5 {[%clk 0:01:03]} 24. Nxg5
{[%clk 0:01:12]} d2 {[%clk 0:00:58]} 25. Nxe4 {[%clk 0:00:55]} dxe1=Q+
{[%clk 0:00:56]} 26. Rxe1 {[%clk 0:00:56]} Rd4 {[%clk 0:00:46]} 27. Ng3
{[%clk 0:00:41]} Rxc4 {[%clk 0:00:43]} 28. Nf5 {[%clk 0:00:37]} Rc2
{[%clk 0:00:36]} 29. b3 {[%clk 0:00:34]} Rcxe2 {[%clk 0:00:36]} 30. Rxe2
{[%clk 0:00:27]} Rxe2 {[%clk 0:00:37]} 31. Bd5 {[%clk 0:00:26]} Ne7
{[%clk 0:00:30]} 32. Nxe7+ {[%clk 0:00:26]} Rxe7 {[%clk 0:00:30]} 33. Bxb7
{[%clk 0:00:27]} c5 {[%clk 0:00:28]} 34. Bd5 {[%clk 0:00:26]} Rd7
{[%clk 0:00:25]} 35. Bc4 {[%clk 0:00:27]} Rd4 {[%clk 0:00:26]} 36. a4
{[%clk 0:00:27]} Kf8 {[%clk 0:00:26]} 37. Kg2 {[%clk 0:00:27]} f6
{[%clk 0:00:28]} 38. Kf3 {[%clk 0:00:28]} Ke7 {[%clk 0:00:29]} 39. Ke3
{[%clk 0:00:24]} Kd6 {[%clk 0:00:29]} 40. f4 {[%clk 0:00:23]} Rd1
{[%clk 0:00:25]} 41. Kf3 {[%clk 0:00:22]} Rg1 {[%clk 0:00:20]} 42. h4
{[%clk 0:00:22]} Rh1 {[%clk 0:00:14]} 43. Kg4 {[%clk 0:00:23]} Ke7
{[%clk 0:00:11]} 44. h5 {[%clk 0:00:23]} Rg1+ {[%clk 0:00:11]} 45. Kf5
{[%clk 0:00:24]} Rg3 {[%clk 0:00:10]} 46. Bd5 {[%clk 0:00:25]} Rh3
{[%clk 0:00:08]} 47. Kg6 {[%clk 0:00:25]} Kf8 {[%clk 0:00:08]} 48. Bc4
{[%clk 0:00:26]} Rh4 {[%clk 0:00:09]} 49. Kf5 {[%clk 0:00:25]} Rxh5+ 50. Kg4
{[%clk 0:00:26]} Rh2 {[%clk 0:00:10]} 51. Kf5 {[%clk 0:00:27]} Rd2
{[%clk 0:00:11]} 52. Kg6 {[%clk 0:00:27]} Rd4 {[%clk 0:00:10]} 53. f5
{[%clk 0:00:22]} Rg4+ {[%clk 0:00:10]} 54. Kh5 {[%clk 0:00:21]} Rg5+
{[%clk 0:00:11]} 55. Kh4 {[%clk 0:00:22]} Rxf5 {[%clk 0:00:12]} 56. Kg4
{[%clk 0:00:24]} Rf2 {[%clk 0:00:12]} 57. Kg3 {[%clk 0:00:25]} Rd2
{[%clk 0:00:13]} 58. Kf4 {[%clk 0:00:25]} Rd4+ {[%clk 0:00:14]} 0-1

[Event "M?R 2020 v bleskovém ?achu druzstev"]
[Site "Turnov"]
[Date "2020.09.12"]
[Round "9.2"]
[White "Simacek TUR_A, Pavel"]
[Black "Zima TUR_D, Jan"]
[Result "1-0"]
[BlackElo "2076"]
[WhiteElo "2407"]
[LiveChessVersion "1.4.8"]

1. e4 {[%clk 0:03:02]} c5 {[%clk 0:03:04]} 2. Nf3 {[%clk 0:03:02]} d6
{[%clk 0:03:05]} 3. Bb5+ {[%clk 0:03:01]} Bd7 {[%clk 0:03:06]} 4. c4
{[%clk 0:03:02]} Nf6 {[%clk 0:03:03]} 5. Nc3 {[%clk 0:03:03]} Nc6
{[%clk 0:02:58]} 6. d4 {[%clk 0:03:00]} cxd4 {[%clk 0:02:57]} 7. Nxd4
{[%clk 0:03:01]} a6 {[%clk 0:02:51]} 8. Bxc6 {[%clk 0:02:59]} Bxc6
{[%clk 0:02:51]} 9. Qe2 {[%clk 0:02:48]} g6 {[%clk 0:02:40]} 10. O-O
{[%clk 0:02:47]} Bg7 {[%clk 0:02:41]} 11. Rd1 {[%clk 0:02:46]} Qc7
{[%clk 0:02:29]} 12. Bg5 {[%clk 0:02:43]} O-O {[%clk 0:02:24]} 13. Rac1
{[%clk 0:02:43]} Rac8 {[%clk 0:01:57]} 14. Nxc6 {[%clk 0:02:23]} bxc6
{[%clk 0:01:53]} 15. c5 {[%clk 0:02:22]} Qa5 {[%clk 0:01:10]} 16. Be3
{[%clk 0:01:48]} Rfd8 {[%clk 0:00:42]} 17. cxd6 {[%clk 0:01:39]} exd6
{[%clk 0:00:43]} 18. Bd4 {[%clk 0:01:35]} Rd7 {[%clk 0:00:18]} 19. Qf3
{[%clk 0:01:25]} Ne8 {[%clk 0:00:15]} 20. Bxg7 {[%clk 0:01:21]} Kxg7
{[%clk 0:00:17]} 21. b3 {[%clk 0:01:11]} Re7 {[%clk 0:00:13]} 22. Nd5
{[%clk 0:01:07]} Re5 {[%clk 0:00:06]} 23. Ne3 {[%clk 0:01:07]} Qxa2
{[%clk 0:00:04]} 24. Nc4 {[%clk 0:01:06]} Re6 {[%clk 0:00:06]} 25. Qc3+
{[%clk 0:01:04]} Kg8 {[%clk 0:00:06]} 26. Rc2 {[%clk 0:00:51]} 1-0

[Event "M?R 2020 v bleskovém ?achu druzstev"]
[Site "Turnov"]
[Date "2020.09.12"]
[Round "9.3"]
[White "Stanek TUR_D, Bohumil"]
[Black "Vykouk TUR_A, Jan"]
[Result "0-1"]
[BlackElo "2374"]
[WhiteElo "1840"]
[LiveChessVersion "1.4.8"]

1. e4 {[%clk 0:03:03]} c5 {[%clk 0:03:03]} 2. Nc3 {[%clk 0:03:03]} Nc6
{[%clk 0:03:04]} 3. Bb5 {[%clk 0:03:04]} Nd4 {[%clk 0:03:05]} 4. Nf3
{[%clk 0:03:05]} Nxb5 {[%clk 0:03:06]} 5. Nxb5 {[%clk 0:03:05]} a6
{[%clk 0:03:07]} 6. Nc3 {[%clk 0:03:05]} e6 {[%clk 0:03:07]} 7. d4
{[%clk 0:03:01]} cxd4 {[%clk 0:03:08]} 8. Qxd4 {[%clk 0:03:02]} Qc7
{[%clk 0:03:07]} 9. O-O {[%clk 0:03:02]} Ne7 {[%clk 0:03:01]} 10. Be3
{[%clk 0:03:00]} Nc6 {[%clk 0:03:01]} 11. Qb6 {[%clk 0:02:58]} Qxb6
{[%clk 0:03:01]} 12. Bxb6 {[%clk 0:02:59]} Be7 {[%clk 0:02:58]} 13. a3
{[%clk 0:02:55]} O-O {[%clk 0:02:52]} 14. Nd4 {[%clk 0:02:53]} Nxd4
{[%clk 0:02:51]} 15. Bxd4 {[%clk 0:02:53]} b5 {[%clk 0:02:50]} 16. f3
{[%clk 0:02:52]} Bb7 {[%clk 0:02:49]} 17. a4 {[%clk 0:02:45]} b4 {[%clk 0:02:50]}
18. Ne2 {[%clk 0:02:45]} a5 {[%clk 0:02:50]} 19. c3 {[%clk 0:02:42]} Ba6
{[%clk 0:02:51]} 20. Rfe1 {[%clk 0:02:38]} Rfc8 {[%clk 0:02:48]} 21. cxb4
{[%clk 0:02:32]} Bxb4 {[%clk 0:02:48]} 22. Bc3 {[%clk 0:02:30]} Rab8
{[%clk 0:02:29]} 23. Rac1 {[%clk 0:02:16]} Bxc3 {[%clk 0:02:10]} 24. bxc3
{[%clk 0:02:12]} Kf8 {[%clk 0:01:47]} 25. Nd4 {[%clk 0:02:11]} Rc4
{[%clk 0:01:46]} 26. Nb3 {[%clk 0:01:46]} Rxb3 {[%clk 0:01:45]} 0-1

[Event "M?R 2020 v bleskovém ?achu druzstev"]
[Site "Turnov"]
[Date "2020.09.12"]
[Round "9.5"]
[White "Urban JIC, Zdenek"]
[Black "Mudra BAK, Pavel"]
[Result "1/2-1/2"]
[BlackElo "2233"]
[WhiteElo "2108"]
[LiveChessVersion "1.4.8"]

1. d4 {[%clk 0:03:02]} Nf6 {[%clk 0:03:03]} 2. c4 {[%clk 0:03:04]} e6
{[%clk 0:03:03]} 3. Nc3 {[%clk 0:03:05]} Bb4 {[%clk 0:03:04]} 4. Nf3
{[%clk 0:03:03]} O-O {[%clk 0:03:03]} 5. Qc2 {[%clk 0:03:03]} c5 {[%clk 0:03:03]}
6. a3 {[%clk 0:02:58]} Qa5 {[%clk 0:02:52]} 7. Bd2 {[%clk 0:02:57]} cxd4
{[%clk 0:02:51]} 8. Nxd4 {[%clk 0:02:58]} Bxc3 {[%clk 0:02:22]} 9. Bxc3
{[%clk 0:02:57]} Qb6 {[%clk 0:02:04]} 10. e4 {[%clk 0:02:47]} d6 {[%clk 0:02:05]}
11. Bd3 {[%clk 0:02:45]} e5 {[%clk 0:01:58]} 12. Nb3 {[%clk 0:02:15]} Be6
{[%clk 0:01:55]} 13. O-O {[%clk 0:02:12]} Rc8 {[%clk 0:01:52]} 14. Nd2
{[%clk 0:02:07]} Nc6 {[%clk 0:01:50]} 15. Kh1 {[%clk 0:01:58]} Nd4
{[%clk 0:01:50]} 16. Qd1 {[%clk 0:01:56]} a5 {[%clk 0:01:45]} 17. f4
{[%clk 0:01:46]} a4 {[%clk 0:01:13]} 18. Qe1 {[%clk 0:01:39]} exf4
{[%clk 0:00:39]} 19. Rxf4 {[%clk 0:01:39]} Nd7 {[%clk 0:00:39]} 20. Qf2
{[%clk 0:01:26]} Nb3 {[%clk 0:00:33]} 21. Qg3 {[%clk 0:01:15]} Ne5
{[%clk 0:00:32]} 22. Nxb3 {[%clk 0:01:11]} axb3 {[%clk 0:00:32]} 23. Rd1
{[%clk 0:01:06]} Bxc4 {[%clk 0:00:22]} 24. Bxc4 {[%clk 0:01:00]} Rxc4
{[%clk 0:00:22]} 25. Rg4 {[%clk 0:00:50]} g6 {[%clk 0:00:14]} 26. Rg5
{[%clk 0:00:44]} Re8 {[%clk 0:00:15]} 27. Bxe5 {[%clk 0:00:41]} dxe5
{[%clk 0:00:16]} 28. Rxe5 {[%clk 0:00:42]} Rxe4 {[%clk 0:00:12]} 29. Rxe4
{[%clk 0:00:33]} Rxe4 {[%clk 0:00:13]} 30. h3 {[%clk 0:00:28]} Kg7
{[%clk 0:00:12]} 31. Qc3+ {[%clk 0:00:28]} Qf6 {[%clk 0:00:09]} 32. Qxf6+
{[%clk 0:00:24]} Kxf6 {[%clk 0:00:11]} 33. Rd3 {[%clk 0:00:25]} Re7
{[%clk 0:00:07]} 34. Rxb3 {[%clk 0:00:26]} Rd7 {[%clk 0:00:08]} 35. Kh2
{[%clk 0:00:24]} h5 {[%clk 0:00:09]} 36. Kg3 {[%clk 0:00:25]} Ke5
{[%clk 0:00:10]} 37. Kf3 {[%clk 0:00:24]} Rc7 {[%clk 0:00:07]} 38. h4
{[%clk 0:00:16]} Kf5 {[%clk 0:00:06]} 39. g3 {[%clk 0:00:17]} Ke5
{[%clk 0:00:07]} 40. Rb5+ {[%clk 0:00:17]} Kd4 {[%clk 0:00:08]} 41. Rb3
{[%clk 0:00:18]} Re7 {[%clk 0:00:08]} 42. a4 {[%clk 0:00:17]} Kc4
{[%clk 0:00:09]} 43. Rb5 {[%clk 0:00:16]} Rd7 {[%clk 0:00:08]} 44. b3+
{[%clk 0:00:17]} Kc3 {[%clk 0:00:09]} 45. Rb6 {[%clk 0:00:17]} Re7
{[%clk 0:00:09]} 46. Kf4 {[%clk 0:00:17]} Kd4 {[%clk 0:00:10]} 47. b4
{[%clk 0:00:17]} Rc7 {[%clk 0:00:10]} 48. a5 {[%clk 0:00:17]} Kc3
{[%clk 0:00:08]} 49. b5 {[%clk 0:00:18]} Kb4 {[%clk 0:00:08]} 50. a6
{[%clk 0:00:18]} bxa6 {[%clk 0:00:08]} 51. bxa6+ {[%clk 0:00:19]} Kc5
{[%clk 0:00:08]} 52. Rb7 {[%clk 0:00:19]} Rc6 {[%clk 0:00:09]} 53. a7
{[%clk 0:00:20]} Ra6 {[%clk 0:00:10]} 54. Rxf7 {[%clk 0:00:21]} Kd5
{[%clk 0:00:12]} 55. Kg5 Ke5 56. Re7+ {[%clk 0:00:19]} Kd4 {[%clk 0:00:14]} 57.
Rg7 {[%clk 0:00:20]} Ke4 {[%clk 0:00:15]} 58. Rxg6 {[%clk 0:00:20]} Rxa7 59. Kxh5
{[%clk 0:00:20]} Rh7+ {[%clk 0:00:16]} 60. Kg5 {[%clk 0:00:21]} Kf3
{[%clk 0:00:16]} 61. g4 {[%clk 0:00:21]} Rb7 {[%clk 0:00:17]} 62. Rf6+
{[%clk 0:00:21]} Kg3 {[%clk 0:00:17]} 63. Kg6 {[%clk 0:00:09]} Kxg4
{[%clk 0:00:17]} 64. h5 {[%clk 0:00:10]} Rb5 {[%clk 0:00:12]} 65. h6
{[%clk 0:00:11]} Rg5+ {[%clk 0:00:14]} 66. Kf7 {[%clk 0:00:11]} Rh5
{[%clk 0:00:13]} 67. Kg7 {[%clk 0:00:11]} Kg5 {[%clk 0:00:15]} 68. Rg6+
{[%clk 0:00:11]} Kf5 {[%clk 0:00:16]} 69. h7 {[%clk 0:00:12]} Rh1
{[%clk 0:00:16]} 70. Rg1 {[%clk 0:00:13]} Rxg1+ 1/2-1/2

[Event "M?R 2020 v bleskovém ?achu druzstev"]
[Site "Turnov"]
[Date "2020.09.12"]
[Round "9.7"]
[White "Kohout JIC, Jan"]
[Black "Hulin BAK, Petr"]
[Result "1/2-1/2"]
[BlackElo "2029"]
[WhiteElo "1911"]
[LiveChessVersion "1.4.8"]

1. d4 {[%clk 0:03:02]} Nf6 {[%clk 0:03:01]} 2. c3 {[%clk 0:03:03]} b6
{[%clk 0:03:02]} 3. f4 {[%clk 0:03:04]} Bb7 {[%clk 0:03:01]} 4. Nf3
{[%clk 0:03:04]} e6 {[%clk 0:02:55]} 5. e3 {[%clk 0:03:05]} Ne4 {[%clk 0:02:40]}
6. Bd3 {[%clk 0:03:03]} f5 {[%clk 0:02:41]} 7. O-O {[%clk 0:03:03]} Be7
{[%clk 0:02:42]} 8. Nbd2 {[%clk 0:03:03]} Nxd2 {[%clk 0:02:42]} 9. Bxd2
{[%clk 0:03:04]} O-O {[%clk 0:02:38]} 10. Qc2 {[%clk 0:03:05]} Bxf3
{[%clk 0:02:30]} 11. Rxf3 {[%clk 0:03:05]} d5 {[%clk 0:02:31]} 12. c4
{[%clk 0:02:50]} Nd7 {[%clk 0:02:25]} 13. Bc3 {[%clk 0:02:48]} Nf6
{[%clk 0:02:25]} 14. Raf1 {[%clk 0:02:36]} Rc8 {[%clk 0:02:24]} 15. Rh3
{[%clk 0:02:22]} c5 {[%clk 0:02:13]} 16. b3 {[%clk 0:02:23]} Ne4 {[%clk 0:01:59]}
17. Bxe4 {[%clk 0:02:22]} fxe4 {[%clk 0:01:57]} 18. Qe2 {[%clk 0:01:33]} Qe8
{[%clk 0:01:29]} 19. Qg4 {[%clk 0:01:21]} Bf6 {[%clk 0:01:26]} 20. Rd1
{[%clk 0:01:00]} dxc4 {[%clk 0:01:10]} 21. bxc4 {[%clk 0:00:56]} cxd4
{[%clk 0:01:06]} 22. Bxd4 {[%clk 0:00:27]} e5 {[%clk 0:01:07]} 23. fxe5
{[%clk 0:00:23]} Bxe5 {[%clk 0:01:02]} 24. Bxe5 {[%clk 0:00:12]} Qxe5
{[%clk 0:01:00]} 25. Qe2 {[%clk 0:00:13]} Rc6 {[%clk 0:00:43]} 26. Rh5
{[%clk 0:00:12]} Qc3 {[%clk 0:00:34]} 27. Rhd5 {[%clk 0:00:05]} Qxc4
{[%clk 0:00:20]} 28. Qxc4 {[%clk 0:00:05]} Rxc4 {[%clk 0:00:21]} 29. Rd7
{[%clk 0:00:04]} a5 {[%clk 0:00:17]} 30. Rb7 {[%clk 0:00:04]} Rb4
{[%clk 0:00:17]} 31. h3 {[%clk 0:00:04]} Rb5 {[%clk 0:00:06]} 32. Rdd7
{[%clk 0:00:05]} Rb1+ {[%clk 0:00:06]} 33. Kh2 {[%clk 0:00:06]} Rf2
{[%clk 0:00:03]} 34. Rxg7+ {[%clk 0:00:06]} Kf8 {[%clk 0:00:04]} 35. Rxh7
{[%clk 0:00:06]} Kg8 {[%clk 0:00:06]} 36. Rhg7+ {[%clk 0:00:07]} Kf8
{[%clk 0:00:07]} 37. Rh7 {[%clk 0:00:08]} Kg8 {[%clk 0:00:08]} 38. Rhe7 Rbb2 39.
Re8+ Rf8 1/2-1/2

[Event "M?R 2020 v bleskovém ?achu druzstev"]
[Site "Turnov"]
[Date "2020.09.12"]
[Round "9.8"]
[White "Richter BAK, Martin"]
[Black "Jezek JIC, Milan"]
[Result "1-0"]
[BlackElo "1657"]
[WhiteElo "1960"]
[LiveChessVersion "1.4.8"]

1. e4 {[%clk 0:03:01]} Nf6 {[%clk 0:03:03]} 2. e5 {[%clk 0:03:02]} Nd5
{[%clk 0:03:04]} 3. Nc3 {[%clk 0:03:03]} c6 {[%clk 0:02:56]} 4. Nxd5
{[%clk 0:03:02]} cxd5 {[%clk 0:02:57]} 5. d4 {[%clk 0:03:01]} d6 {[%clk 0:02:52]}
6. Nf3 {[%clk 0:02:37]} Bg4 {[%clk 0:02:53]} 7. Be2 {[%clk 0:02:34]} Nc6
{[%clk 0:02:42]} 8. c3 {[%clk 0:02:24]} dxe5 {[%clk 0:02:35]} 9. Nxe5
{[%clk 0:02:20]} Bxe2 {[%clk 0:02:34]} 10. Qxe2 {[%clk 0:02:21]} e6
{[%clk 0:02:16]} 11. O-O {[%clk 0:02:19]} Bd6 {[%clk 0:02:04]} 12. f4
{[%clk 0:01:54]} O-O {[%clk 0:02:00]} 13. Qg4 {[%clk 0:01:50]} Ne7
{[%clk 0:01:48]} 14. Rf3 {[%clk 0:01:42]} f6 {[%clk 0:01:38]} 15. Qxe6+
{[%clk 0:01:42]} Kh8 {[%clk 0:01:38]} 16. Nf7+ {[%clk 0:01:42]} Rxf7
{[%clk 0:01:38]} 17. Qxf7 {[%clk 0:01:42]} Ng8 {[%clk 0:01:07]} 18. Qxd5
{[%clk 0:01:18]} Qc7 {[%clk 0:01:04]} 19. Qh5 {[%clk 0:01:15]} g6
{[%clk 0:00:54]} 20. Qh3 {[%clk 0:01:11]} f5 {[%clk 0:00:50]} 21. Bd2
{[%clk 0:01:09]} Nf6 {[%clk 0:00:51]} 22. Re1 {[%clk 0:00:40]} Ne4
{[%clk 0:00:48]} 23. Bc1 {[%clk 0:00:28]} Re8 24. Rd3 {[%clk 0:00:18]} Bxf4
{[%clk 0:00:44]} 25. Bxf4 {[%clk 0:00:17]} Qxf4 {[%clk 0:00:44]} 26. Qf3
{[%clk 0:00:18]} Qh4 {[%clk 0:00:32]} 27. Red1 {[%clk 0:00:13]} Ng5
{[%clk 0:00:22]} 28. Qg3 {[%clk 0:00:13]} Qh6 {[%clk 0:00:17]} 29. Re3
{[%clk 0:00:11]} Ne4 {[%clk 0:00:18]} 30. Qf3 {[%clk 0:00:10]} Kg7
{[%clk 0:00:17]} 31. d5 {[%clk 0:00:11]} Qg5 {[%clk 0:00:13]} 32. c4
{[%clk 0:00:10]} Qd8 {[%clk 0:00:12]} 33. b4 {[%clk 0:00:09]} b6 {[%clk 0:00:13]}
34. c5 {[%clk 0:00:10]} bxc5 35. bxc5 {[%clk 0:00:11]} Re5 {[%clk 0:00:08]} 36.
d6 {[%clk 0:00:08]} Rxc5 {[%clk 0:00:06]} 37. Rb3 {[%clk 0:00:08]} Rc6
{[%clk 0:00:04]} 38. Rb7+ {[%clk 0:00:09]} Kg8 {[%clk 0:00:06]} 39. Qb3+
{[%clk 0:00:09]} Kf8 {[%clk 0:00:07]} 40. Qf7# {[%clk 0:00:11]} 1-0